000 00659nam a2200169Ia 4500
008 090711s9999 xx 000 0 und d
082 _b56255
100 _aजायस्वाल जयनारायण
245 _aमुलांSो आरोग्य आजार व उपSाार
260 _c1986
300 _a124
600 _aजायस्वाल जयनारायण
630 _aमुलांSो आरोग्य आजार व उपSाार
700 _aजायस्वाल जयनारायण
730 _aमुलांSो आरोग्य आजार व उपSाार
942 _cBOOK
999 _c309224
_d309224